| 000 | 00840nmc a2200313 a 4500 | ||
|---|---|---|---|
| 003 | AR-BaBNM | ||
| 005 | 20251128204145.0 | ||
| 008 | 295019s1983 ||||||||||||||000 | spa|| | ||
| 020 | _a950-25-0031-8 | ||
| 040 | _cAR-BaBNM | ||
| 100 | 1 | _aHenault, Mirta | |
| 245 | 1 | 0 | _aAlicia Moreau de Justo |
| 260 |
_aBuenos Aires _bCentro Editor de América Latina _c1983 |
||
| 300 | 0 | _a154 p. | |
| 490 | 0 |
_aBiblioteca política Argentina _vv. 31 |
|
| 600 | _aMoreau de Justo, Alicia | ||
| 650 | 4 | _aBIOGRAFIAS | |
| 650 | 4 | _aSOCIALISMO | |
| 650 | 4 | _aEMPLEO DE LAS MUJERES | |
| 650 | 4 | _aTRABAJADORAS | |
| 650 | 4 | _aSUFRAGIO FEMENINO | |
| 650 | 4 | _aCONDICIONES DE TRABAJO | |
| 650 | 4 | _aSOCIALISTAS | |
| 653 | 0 | _aMADRES DE PLAZA DE MAYO | |
| 655 | _aBIOGRAFIAS | ||
| 800 | 1 |
_aTroncoso, Oscar _edirector |
|
| 942 | _cBK | ||
| 998 | _cCarmen | ||
| 999 |
_c6407 _d6407 |
||